01305 a2200217 4500001000700000040003200007100002000039245001600059250001100075260001600086300001600102362000900118490003700127520080100164650002100965650001400986650001301000650001201013650003301025650002901058128153 cEscola Canadense de Niteroi aCohen, Marleine10aJohn Lennon a1. ed. aSão Paulo a111 p.bil.0 a20060 aPersonagens que marcaram época aUm, dois, três... cinco tiros na noite de 8 de dezembro de 1980, em Nova Iorque. Do edifício Dakota, em frente ao Central Park, um homem ensanguentado, casaco de couro, é levado às pressas ao hospital. O sonho acabava de fato. Por decisão e obra de um lunático, Mark Chapman, morria Lennon e, com ele, a esperança dos fãs de ver os Beatles reunidos novamente. Mas quem foi John Winston Lennon? Do nascimento em Liverpool sob bombardeio aéreo, durante a Segunda Guerra Mundial, ao abandono do pai e morte da mãe, atropelada em frente de casa; dos primeiros acordes regados a anfetamina e álcool na Alemanha ao mágico encontro com Yoko Ono, numa galeria de arte, e às campanhas humanitárias que o rotulavam de subversivo, John Lennon foi irreverência e criatividade. 4aNão Ficção 4aBiografia 4aMúsica 4aMusicos 4aLiteratura para Jovem Adulto 4aPersonagens Históricos